Word Ladder: Connections IV Quiz Stats

 Plays Quiz Updated Jul 18, 2014

Support Sporcle.
Go Orange.
Score 0/63 Timer 05:00
1 Play Today
% Correct
MORN
89.7%
BARK
89%
TOLL
89%
BARN
88.4%
ROAD
88.3%
ROAD
88.3%
SHOT
88.2%
SHOT
88.2%
READ
87.5%
HALT
87.2%
WORN
86.5%
BURN
86.2%
KILT
86%
TOAD
85.9%
KILL
85.9%
KILL
85.9%
WARN
85.6%
HOOK
85.3%
HOOK
85.3%
BEAK
85%
LEAD
84.7%
TOLD
84.7%
DEAD
84.6%
DEAD
84.6%
HALL
84.5%
BALL
84.4%
HILT
84%
BILE
83.1%
TURN
82.9%
TURN
82.9%
BONE
82.7%
BILL
82.7%
% Correct
BILL
82.7%
LEAK
81.9%
HONK
81.6%
MOWN
81.3%
DOWN
81.1%
SHOP
80.7%
LOOK
79.6%
SEAT
79.5%
COOP
79.1%
HARK
78.9%
MEAT
78.8%
HONE
78.5%
CHOP
78.1%
DEAR
76.8%
MEAD
76.8%
PEAR
75.1%
BINE
73.9%
ROLL
73.7%
LOOP
73.6%
TARN
73.3%
RILL
69.2%
HEAT
68.7%
PEAT
66.1%
BECK
65.6%
HACK
62.4%
SCOT
60.7%
SCAT
58.3%
BACK
58%
BACK
58%
PEST
57.7%
HEST
49.8%

Today's Daily Dose

You're not logged in!

Compare scores with friends on all Sporcle quizzes.
OR
Log In

From the Vault

Polytheistic Religions by God

by ffi

If you are considering taking up one of these religions, it might help to actually know who you worship...just saying.
Remove Ads.
Support Sporcle.
Get the best of Sporcle when you Go Orange. This ad-free experience offers more features, more stats, and more fun while also helping to support Sporcle. Thank you for becoming a member.

Show Comments

Extras

Top Quizzes Today


Score Distribution

Your Account Isn't Verified!

In order to create a playlist on Sporcle, you need to verify the email address you used during registration. Go to your Sporcle Settings to finish the process.

Report this User

Report this user for behavior that violates our Community Guidelines.

Details: